000 00419nam a2200181Ia 4500
005 20240823040539.0
008 240823s9999||||xx |||||||||||||| ||und||
041 _aENGLISH
082 _A158.1 Q2
100 _aSugi Sivam
245 0 _aManithanum Theivamahalam
250 _a1st
260 _c2012
_bKarpagam Publica
_aCoimbatore
500 _aYES
650 _aGeneral
_bGeneral
942 _cBK
999 _c203367
_d203367